Specifications for building works and how to write them (Record no. 105062)
[ view plain ]
| 000 -LEADER | |
|---|---|
| fixed length control field | 00531cam a2200169 4500 |
| 001 - CONTROL NUMBER | |
| control field | ##L132229 |
| 008 - FIXED-LENGTH DATA ELEMENTS--GENERAL INFORMATION | |
| fixed length control field | #DATE n1898 000 0 eng u |
| 035 ## - SYSTEM CONTROL NUMBER | |
| System control number | (Sirsi) u132229 |
| 041 0# - LANGUAGE CODE | |
| Language code of text/sound track or separate title | eng |
| 100 1# - MAIN ENTRY--PERSONAL NAME | |
| Personal name | Farrow, Frederick Richard |
| 245 00 - TITLE STATEMENT | |
| Title | Specifications for building works and how to write them |
| 260 ## - PUBLICATION, DISTRIBUTION, ETC. | |
| Place of publication, distribution, etc. | London |
| Name of publisher, distributor, etc. | Fourdrinier |
| -- | Whittaker and Co |
| Date of publication, distribution, etc. | 1898 |
| 350 ## - PRICE (NR) (BK AM CF MU VM SE) [OBSOLETE] | |
| Price | 141p. |
| -- | 19cm. |
| 490 #4 - SERIES STATEMENT | |
| Series statement | The Builder Student's Series |
| 690 ## - LOCAL SUBJECT ADDED ENTRY--TOPICAL TERM (OCLC, RLIN) | |
| Topical term or geographic name as entry element | BUILT ENVIRONMENT-CONSTRUCTION DESIGN-CONSTRUCTION SPECIFICATION |
| 942 ## - ADDED ENTRY ELEMENTS (KOHA) | |
| Suppress in OPAC | 0 |
| Withdrawn status | Lost status | Source of classification or shelving scheme | Damaged status | Not for loan | Home library | Current library | Shelving location | Date acquired | Total Checkouts | Full call number | Barcode | Date last seen | Copy number | Price effective from | Koha item type |
|---|---|---|---|---|---|---|---|---|---|---|---|---|---|---|---|
| Other/Generic Classification Scheme | London | London | Basement | 19/01/2006 | SHELF 205 | 3007188 | 06/08/2019 | 1 | 06/08/2019 | Book |